00549cam a22001577a 4500008004000000020001500040082001800055100001700073245004400090260002600134300001000160650003200170650005400202999001900256952011600275180718b2005 xxu||||| |||| 00| 0 eng d a8121208599 aA99/N164 P973 aPuri, Balraj aJP on Jammu and Kashmircby Balraj Puri aNew DelhibGyanc2005 a285p. aJammu and Kashmir - History aNarayan, Jayaprakash - Views on Jammu and Kashmir c404533d404533 00104070aIIPAbIIPAd2005-09-16l1oA99/N164 P973p80535q2021-02-01r2021-02-01s2021-02-01w2018-07-21yBK